00246 a2200109 450000100060000004000260000610000230003224000230005524500180007836200090009665000310010548897 cAnchieta - Bela Vista a JONAR, Brasileiro10aPoesia da pazlpor10aPoesia da paz0 a2003 4aLiteratura infanto-juvenil